Dyscypliny w których Polacy zdobyli medale Igrzysk Olimpijskich 2024 - Statystyki

Ogólne statystyki
  • Ten quiz został rozwiązany 35 razy
    33 od ostatniego zresetowania
  • Średni wynik to 9 z 10
Statystyki odpowiedzi
Medal Zawodnik Dyscyplina % Poprawnych
Brąz Natalia Kaczmarek Lekkoatletyka
96%
Srebro Gang łysego Siatkówka
96%
Brąz Iga Świątek Tenis ziemny
96%
Brąz Mateusz Biskup, Fabian Barański, Dominik Czaja, Mirosław Ziętarski Wioślarstwo
93%
Srebro Julia Szeremeta Boks
89%
Srebro Klaudia Zwolińska Kajakarstwo
85%
Brąz Aleksandra Jarecka, Alicja Klasik, Renata Knapik-Miazga, Martyna Swatowska-Wenglarczyk Szermierka
85%
Srebro Daria Pikulik Kolarstwo torowe
74%
Złoto Aleksandra Mirosław Wspinaczka sportowa
70%
Brąz Aleksandra Kałucka Wspinaczka sportowa
70%
Nie znaleziono quizów pasujących do podanych kryteriów
Rozkład punktacji
Procent ludzi z każdym wynikiem
Percentyl według liczby udzielonych odpowiedzi
Twoja historia wyników
Nie rozwiązałeś tego quizu od ostatniego zresetowania